| 000 -LEADER |
| fixed length control field |
00632nam a22001697a 4500 |
| 005 - DATE AND TIME OF LATEST TRANSACTION |
| control field |
20231120100900.0 |
| 008 - FIXED-LENGTH DATA ELEMENTS--GENERAL INFORMATION |
| fixed length control field |
231117s1977 ru ||||| |||| 00| 0 rus d |
| 041 ## - LANGUAGE CODE |
| Language code of text/sound track or separate title |
rus |
| 080 ## - UNIVERSAL DECIMAL CLASSIFICATION NUMBER |
| Universal Decimal Classification number |
930.85(575) K-89 |
| 100 ## - MAIN ENTRY--PERSONAL NAME |
| Personal name |
Кузьмина, Е/ E. |
| 9 (RLIN) |
20430 |
| 245 ## - TITLE STATEMENT |
| Title |
В стране Кавата и Афрасиаба / |
| Statement of responsibility, etc. |
Е. Е. Кузьмина. |
| 264 ## - PRODUCTION, PUBLICATION, DISTRIBUTION, MANUFACTURE, AND COPYRIGHT NOTICE |
| Place of production, publication, distribution, manufacture |
М. : |
| Name of producer, publisher, distributor, manufacturer |
Наука, |
| Date of production, publication, distribution, manufacture, or copyright notice |
1977. |
| 300 ## - PHYSICAL DESCRIPTION |
| Extent |
144 с. |
| Other physical details |
20 cm. |
| 440 ## - SERIES STATEMENT/ADDED ENTRY--TITLE |
| Title |
Из истории мировой культуры |
| 9 (RLIN) |
20434 |
| 653 ## - INDEX TERM--UNCONTROLLED |
| keyword |
კავათისა და აფრასიაბის ქვეყანაში |
| 942 ## - ADDED ENTRY ELEMENTS (KOHA) |
| Source of classification or shelving scheme |
|
| Koha item type |
წიგნი |